header

Terror, terrorism, and the human condition (Record no. 85064)

MARC details
000 -LEADER
fixed length control field 01702nam a2200361Ia 4500
082 04 - DEWEY DECIMAL CLASSIFICATION NUMBER
Classification number 303.6/25
100 1# - MAIN ENTRY--AUTHOR NAME
Personal name Webel, Charles.
245 10 - TITLE STATEMENT
Title Terror, terrorism, and the human condition
250 ## - EDITION STATEMENT
Edition statement 1st ed.
260 ## - PUBLICATION, DISTRIBUTION, ETC. (IMPRINT)
Place of publication New York :
Name of publisher Palgrave Macmillan,
Year of publication c2004.
300 ## - PHYSICAL DESCRIPTION
Number of Pages 156 p.
505 0# - FORMATTED CONTENTS NOTE
Formatted contents note Introduction : pondering the imponderable -- 1. Defining the indefinable : what are, and are not "terror, terrorism, and the human condition?" -- 2. Depicting the indescribable : a brief history of terrorism -- 3. Articulating the ineffable : the voices of the terrified -- 4. Surviving the unendurable : coping, and failing to cope, with terror -- Conclusion : imagining the unimaginable? : a world without (or with less ...) terror and terrorism?
650 #0 - SUBJECT ADDED ENTRY--TOPICAL TERM
Topical Term Terrorism.
Topical Term Terrorism
Topical Term Terror.
Topical Term Victims of terrorism.
856 40 - ELECTRONIC LOCATION AND ACCESS
Uniform Resource Identifier http://site.ebrary.com/lib/rucke/Doc?id=10135413

No items available.

© 2026 Rongo University
Contact us: librarian | system librarian | Rongo university